000 00733nam a2200217 i 4500
001 105578
003 ES-MaACL
007 t|
008 060726s1956 ag ||||1| spa d
080 _a821.131.1-31"19"
100 1 _aMoravia, Alberto,
_d1907-1990
_983166
245 1 3 _aLa noche de don Juan y otras narraciones /
_cAlberto Moravia ; traducción de Attilio Dabini.
260 _aBuenos Aires :
_bLosada,
_c[1956]
300 _a283 p. ;
_c21 cm.
490 1 _aLos grandes novelistas de nuestra época
500 _aBiblioteca Juan Andrade.
700 1 _aDabini, Attilio.
_942400
830 0 _aLos grandes novelistas de nuestra época
_9184584
852 _aES-MaACL
_jAND-383
_bR.109687
999 _c105578
_d105578